| 000 | 00422nam a2200169Ia 4500 | ||
|---|---|---|---|
| 005 | 20250423101516.0 | ||
| 008 | 250422s9999 xx 000 0 und d | ||
| 020 | _a1562940546 | ||
| 050 | _aE 156 .Y68/ | ||
| 245 | 4 | _aThe young people's encyclopedia of the United States | |
| 260 | _aBrookfield | ||
| 260 | _bKingsbrook | ||
| 260 | _c1992 | ||
| 300 | _a776 p | ||
| 650 | _aUnited States; encyclopedia | ||
| 942 | _cBK | ||
| 999 |
_c36494 _d36494 |
||